Welcome to WEB OPAC of MRSPTU Central Library

Irrigation engineering (Record no. 3785)

MARC details
000 -LEADER
fixed length control field 00382nam a2200157Ia 4500
008 - FIXED-LENGTH DATA ELEMENTS--GENERAL INFORMATION
fixed length control field 230711s9999||||xx |||||||||||||| ||und||
041 ## - LANGUAGE CODE
Language code of text/sound track or separate title ENG
082 ## - DEWEY DECIMAL CLASSIFICATION NUMBER
Classification number 627
Item number BA-I
100 ## - MAIN ENTRY--PERSONAL NAME
Personal name Basak,N N
245 #0 - TITLE STATEMENT
Title Irrigation engineering
250 ## - EDITION STATEMENT
Edition statement 1st Ed.
260 ## - PUBLICATION, DISTRIBUTION, ETC.
Date of publication, distribution, etc. 1999
Place of publication, distribution, etc. New Delhi
Name of publisher, distributor, etc. Tata McGraw Hill Education Limited
300 ## - PHYSICAL DESCRIPTION
Extent 329
650 ## - SUBJECT ADDED ENTRY--TOPICAL TERM
Topical term or geographic name entry element Civil Engineering
942 ## - ADDED ENTRY ELEMENTS (KOHA)
Koha item type Book
Holdings
Withdrawn status Lost status Damaged status Not for loan Collection Home library Current library Date acquired Total checkouts Full call number Barcode Date last seen Price effective from Koha item type Date last checked out Date due
          MRSPTU Central Library MRSPTU Central Library     627 BA-I 12842 08/17/2023 08/17/2023 Book    
          MRSPTU Central Library MRSPTU Central Library   1 627 BA-I 16220 04/03/2025 08/17/2023 Book 02/24/2025  
          MRSPTU Central Library MRSPTU Central Library     627 BA-I 16221 08/17/2023 08/17/2023 Book    
          MRSPTU Central Library MRSPTU Central Library     627 BA-I 16222 08/17/2023 08/17/2023 Book    
          MRSPTU Central Library MRSPTU Central Library     627 BA-I 16223 08/17/2023 08/17/2023 Book    
          MRSPTU Central Library MRSPTU Central Library   1 627 BA-I 16224 06/20/2024 08/17/2023 Book 02/08/2024  
          MRSPTU Central Library MRSPTU Central Library   1 627 BA-I 16225 09/27/2024 08/17/2023 Book 04/24/2024  
          MRSPTU Central Library MRSPTU Central Library   4 627 BA-I 16226 04/17/2026 08/17/2023 Book 04/17/2026 05/08/2026
          MRSPTU Central Library MRSPTU Central Library     627 BA-I 18377 08/17/2023 08/17/2023 Book    

Website Designed and Developed by MRSPTU Central Library Team

E-mail Id: librarian@mrsptu.ac.in